Etats des USA - Statistiques

Statistiques générales
  • Ce quiz a été pris 114 fois
    102 depuis la dernière actualisation
  • Le résultat moyen est 28 sur 50
Statistiques - réponses
Réponse % Correct
Californie
84%
Alabama
81%
Alaska
81%
New York
77%
Arizona
75%
Texas
74%
Arkansas
72%
Floride
72%
Caroline du Nord
70%
Caroline du Sud
68%
Dakota du Nord
67%
Dakota du Sud
67%
Washington
67%
Georgie
65%
Hawai
65%
Nevada
65%
Colorado
63%
Illinois
63%
Louisiane
61%
Delaware
60%
Kansas
60%
Ohio
60%
Idaho
56%
Iowa
56%
Utah
56%
Virginie
56%
Maine
54%
Nouveau Mexique
53%
Massachusetts
51%
Michigan
51%
Nebraska
49%
New Jersey
49%
Oregon
49%
Vermont
49%
Kentucky
47%
Mississippi
47%
Connecticut
46%
Missouri
46%
Wisconsin
46%
Montana
44%
New Hampshire
44%
Oklahoma
44%
Wyoming
44%
Pennsylvanie
42%
Tennessee
42%
Indiana
40%
Maryland
40%
Rhode Island
40%
Virginie-Occidentale
40%
Minnesota
37%
Aucun quiz correspondant
Distribution des résultats
% des personnes avec chaque résultat
Percentile par nombre de réponses
Votre historique - résultats
Vous n’avez pas pris ce quiz depuis la dernière actualisation